00453nam a2200157Ia 4500008004100000020001800041082001500059100001800074245003200092250000800124260004500132300002800177500001900205600002100224650005000245240925s9999 xx 000 0 und d a9788177587654 a006.66 HEA aHearn, Donald 0aComputer Graphics C Version a2nd aNew Jersey:bPrintice- Hall Int.c,1997. aiii,407p.bNAfOriginal aIncludes Index aComputer Science aComputer science, information & general works